Horolezcov sa tiež nik nepýta ... (dvojnásobný premožiteľ La Manche Ján Novák)
| Main Author: | |
|---|---|
| Format: | Article |
| Language: | Slovak |
| Subjects: |
MARC
| LEADER | 00000nab a2200000 a 4500 | ||
|---|---|---|---|
| 001 | vtls009294133 | ||
| 003 | SK-MaSNL | ||
| 005 | 20260303195727.0 | ||
| 008 | 080514 19761011xo 000 0 slo | ||
| 015 | |a SNBRB1976 | ||
| 040 | |a SNKBUCL |b slo |c SNKBUCL |e AACR2 | ||
| 041 | 0 | |a slo | |
| 044 | |a xo |c SK | ||
| 080 | |a 796.524 |2 2001 | ||
| 100 | 1 | |a Major, Ľudovít, |d 1948- |4 aut |9 103558 | |
| 245 | 1 | 0 | |a Horolezcov sa tiež nik nepýta ... |b (dvojnásobný premožiteľ La Manche Ján Novák) |c Ľudovít Major |
| 650 | 0 | 7 | |a horolezectvo |2 snkbucl |9 1050 |
| 773 | 0 | |t Šport |g (11.10.1976), s. 1 a 5 | |
| 999 | |c 2164537 |d 2166467 | ||


